00464nam a2200121 a 4500008004100000050001500041100002900056245008600085260009600171300001900267500001700286650003900303130307s2012 ||||||||||||||||| || u aTHESIS/MBA aShitimali, Bruce Kalebwe12aA study of the development of bancassurance in Zambiacby Bruce Kalebwe Shitimali aKitwe:bCopperbelt University, School of Business, Department of Postgraduate studiesc2012 aix, 85p.: ill. aBibliography aBANCASSURANCE--DEVELOPMENT--ZAMBIA